| 000 | 00684nam a2200241Ia 4500 | ||
|---|---|---|---|
| 005 | 20231206093659.0 | ||
| 008 | 131103s9999 xx 000 0 und d | ||
| 020 | _a090708513X | ||
| 040 | _aLoreto College | ||
| 041 | _aEnglish | ||
| 082 |
_a759.2915 _bLEB-WAL |
||
| 100 | _aWalker,Dorothy | ||
| 245 |
_aLouis Le Brocquy _cDorothy Walker; introduction by John Russell |
||
| 260 |
_aDublin _bWard River Press _c1981 |
||
| 300 |
_a167 p. _b illus. |
||
| 504 | _aIncludes bibliographical references | ||
| 630 | _aIrish Painting | ||
| 630 | _aPainting | ||
| 650 | _aRussell,John | ||
| 651 | _aLe Brocquy,Louis - Criticism and Interpretation | ||
| 850 | _aLCLIB | ||
| 942 | _cBK | ||
| 999 |
_c17436 _d67915 |
||